000 00497nam a2200169Ia 4500
008 090711s9999 xx 000 0 und d
082 _b52274
100 _aगोडबोले अशोक
245 _aकोर्टमार्शल
260 _c1985
300 _a136
600 _aगोडबोले अशोक
630 _aकोर्टमार्शल
700 _aगोडबोले अशोक
730 _aकोर्टमार्शल
942 _cBOOK
999 _c301854
_d301854